Oxford advanced learner's dictionary of current English / (Record no. 4350)
[ view plain ]
| 000 -LEADER | |
|---|---|
| fixed length control field | 00883nam a2200253Ia 4500 |
| 020 ## - INTERNATIONAL STANDARD BOOK NUMBER | |
| ISBN | 0194316580 |
| 020 ## - INTERNATIONAL STANDARD BOOK NUMBER | |
| ISBN | 9780194316583 |
| 020 ## - INTERNATIONAL STANDARD BOOK NUMBER | |
| ISBN | 0194316599 |
| 020 ## - INTERNATIONAL STANDARD BOOK NUMBER | |
| ISBN | 9780194316590 |
| 050 ## - CALL NUMBER | |
| Classification number | PE1628.085 HOR REF |
| 100 1# - AUTHOR | |
| Personal name | Hornby, Albert Sydney. |
| 245 10 - TITLE | |
| Title | Oxford advanced learner's dictionary of current English / |
| Statement of responsibility, etc | A.S. Hornby. |
| 250 ## - EDITION | |
| Edition statement | Seventh edition / |
| 260 ## - PUBLICATION INFORMATION | |
| Place of publication | New York |
| 300 ## - DESCRIPTION | |
| Number of Pages | xii, 1, 715 pages, 8 unnumbered pages, 119 pages : |
| Other physical details | illustrations (some color), maps ; |
| Dimensions | 22 cm. |
| 505 ## - FORMATTED CONTENTS NOTE | |
| Table of Content | Maps, colour topic pages, Reference section: grammar, study pages, the Oxford 3000, pronunciation and phonetics symbols in the dictionary |
| 650 #0 - SUBJECTS | |
| Topical Term | English language |
| 650 #0 - SUBJECTS | |
| Topical Term | English language |
| General subdivision | New words |
| 700 1# - OTHER AUTHORS | |
| Personal name | Wehmeier, Sally. |
| 700 1# - OTHER AUTHORS | |
| Personal name | McIntosh, Colin, |
| 700 1# - OTHER AUTHORS | |
| Personal name | Turnbull, Joanna. |
| 700 1# - OTHER AUTHORS | |
| Personal name | Ashby, Michael. |
| 942 ## - ADDED ENTRY ELEMENTS (KOHA) | |
| Koha item type | Books |
| Withdrawn status | Lost status | Home library | Current library | Shelving location | Date acquired | Full call number | Copy number | Koha item type |
|---|---|---|---|---|---|---|---|---|
| Methodist University Library Wenchi Nursing | Methodist University Library Wenchi Nursing | General Stacks | 06/09/2018 | PE1628.085 HOR REF | 1 | Books |